01821nam a2200337 i 4500003000400000005001700004007000300021008004100024020001800065020001500083040003300098041000800131084001200139100003800151245005100189250002200240264006300262300002300325336002700348337003300375338002800408490002400436520074900460521003801209545006501247650003901312650004301351650004001394650002301434650002601457OSt20211005131333.0ta201106s2019 ck ||||e |||| 00| fdspa d a9789584279521 a9584279521 aCO-MqBPBbspaerdacCO-MqBPB0 aspa aAN BECl1 aBecerra, Ángelad1957- eautora10aLo que le falta al tiempo /cÁngela Becerra  aPrimera edición 1aBogotá bEditorial Planeta colombiana S.A.bBooketc2019 a477 paginasc19 cm 2rdacontentatextobtxt 2rdamediaasin mediaciónbn 2rdacarrieravolumenbnc0 aBooket novelav2229 aMazarine es una joven estudiante de pintura que vive sola en el Barrio Latino de París. En su casa encierra un valioso secreto que ha sido conservado a través de generaciones y puede cambiar el rumbo del arte. Su vida se verá conmocionada por la aparición de Cádiz, un genio de la pintura, creador de un movimiento revolucionario que despierta en ella una pasión sin límites. Con este maravilloso libro, Ángela Becerra, reconocida como creadora del idealismo mágico, penetra en lo más hondo del alma de los personajes y lleva al límite la eterna dualidad humana. Una historia magnética y conmovedora que desborda la pasión y la razón, la inocencia y la lujuria, lo material y lo espiritual, la inquietud y la calma. aRecomendado para público adulto aIncluye datos biográficos de la autora al iniciar el texto172LEMBaNovela colombiana ySiglo XX172LEMBaLiteratura colombiana ySiglo XX172LEMBaAutores colombianosySiglo XX172LEMBaAmorvNovela172LEMBaPinturavNovela